{"text_format":"3","workbook":"xlsx","n_sheets":1,"sheets":["F.1.1 分部分项工程清单计价表(表-08)【安装工程】"],"not_rendered":{"defined_names":2},"read":"whole","date_system":"1900"}

{"sheet":"F.1.1 分部分项工程清单计价表(表-08)【安装工程】","index":0,"n_rows":92,"n_cols":15,"rows_kept":92,"merged":[[0,0,0,13],[1,0,1,4],[1,5,1,6],[2,5,2,6],[2,7,2,13],[3,7,3,9],[81,15,81,16],[81,20,81,21],[81,23,81,24],[81,33,81,34],[81,38,81,39],[81,41,81,42],[81,51,81,52],[81,56,81,57],[81,59,81,60],[81,69,81,70],[81,74,81,75],[81,77,81,78],[81,87,81,88],[81,92,81,93],[81,95,81,96],[81,105,81,106],[81,110,81,111],[81,113,81,114],[81,123,81,124],[81,128,81,129],[81,131,81,132],[81,141,81,142],[81,146,81,147],[81,149,81,150],[81,159,81,160],[81,164,81,165],[81,167,81,168],[81,177,81,178],[81,182,81,183],[81,185,81,186],[81,195,81,196],[81,200,81,201],[81,203,81,204],[81,213,81,214],[81,218,81,219],[81,221,81,222],[81,231,81,232],[81,236,81,237],[81,239,81,240],[81,249,81,250],[81,254,81,255],[81,257,81,258],[81,267,81,268],[81,272,81,273],[81,275,81,276],[81,285,81,286],[81,290,81,291],[81,293,81,294],[81,303,81,304],[81,308,81,309],[81,311,81,312],[81,321,81,322],[81,326,81,327],[81,329,81,330],[81,339,81,340],[81,344,81,345],[81,347,81,348],[81,357,81,358],[81,362,81,363],[81,365,81,366],[81,375,81,376],[81,380,81,381],[81,383,81,384],[81,393,81,394],[81,398,81,399],[81,401,81,402],[81,411,81,412],[81,416,81,417],[81,419,81,420],[81,429,81,430],[81,434,81,435],[81,437,81,438],[81,447,81,448],[81,452,81,453],[81,455,81,456],[81,465,81,466],[81,470,81,471],[81,473,81,474],[81,483,81,484],[81,488,81,489],[81,491,81,492],[81,501,81,502],[81,506,81,507],[81,509,81,510],[81,519,81,520],[81,524,81,525],[81,527,81,528],[81,537,81,538],[81,542,81,543],[81,545,81,546],[81,555,81,556],[81,560,81,561],[81,563,81,564],[81,573,81,574],[81,578,81,579],[81,581,81,582],[81,591,81,592],[81,596,81,597],[81,599,81,600],[81,609,81,610],[81,614,81,615],[81,617,81,618],[81,627,81,628],[81,632,81,633],[81,635,81,636],[81,645,81,646],[81,650,81,651],[81,653,81,654],[81,663,81,664],[81,668,81,669],[81,671,81,672],[81,681,81,682],[81,686,81,687],[81,689,81,690],[81,699,81,700],[81,704,81,705],[81,707,81,708],[81,717,81,718],[81,722,81,723],[81,725,81,726],[81,735,81,736],[81,740,81,741],[81,743,81,744],[81,753,81,754],[81,758,81,759],[81,761,81,762],[81,771,81,772],[81,776,81,777],[81,779,81,780],[81,789,81,790],[81,794,81,795],[81,797,81,798],[81,807,81,808],[81,812,81,813],[81,815,81,816],[81,825,81,826],[81,830,81,831],[81,833,81,834],[81,843,81,844],[81,848,81,849],[81,851,81,852],[81,861,81,862],[81,866,81,867],[81,869,81,870],[81,879,81,880],[81,884,81,885],[81,887,81,888],[81,897,81,898],[81,902,81,903],[81,905,81,906],[81,915,81,916],[81,920,81,921],[81,923,81,924],[81,933,81,934],[81,938,81,939],[81,941,81,942],[81,951,81,952],[81,956,81,957],[81,959,81,960],[81,969,81,970],[81,974,81,975],[81,977,81,978],[81,987,81,988],[81,992,81,993],[81,995,81,996],[81,1005,81,1006],[81,1010,81,1011],[81,1013,81,1014],[81,1023,81,1024],[81,1028,81,1029],[81,1031,81,1032],[81,1041,81,1042],[81,1046,81,1047],[81,1049,81,1050],[81,1059,81,1060],[81,1064,81,1065],[81,1067,81,1068],[81,1077,81,1078],[81,1082,81,1083],[81,1085,81,1086],[81,1095,81,1096],[81,1100,81,1101],[81,1103,81,1104],[81,1113,81,1114],[81,1118,81,1119],[81,1121,81,1122],[81,1131,81,1132],[81,1136,81,1137],[81,1139,81,1140],[81,1149,81,1150],[81,1154,81,1155],[81,1157,81,1158],[81,1167,81,1168],[81,1172,81,1173],[81,1175,81,1176],[81,1185,81,1186],[81,1190,81,1191],[81,1193,81,1194],[81,1203,81,1204],[81,1208,81,1209],[81,1211,81,1212],[81,1221,81,1222],[81,1226,81,1227],[81,1229,81,1230],[81,1239,81,1240],[81,1244,81,1245],[81,1247,81,1248],[81,1257,81,1258],[81,1262,81,1263],[81,1265,81,1266],[81,1275,81,1276],[81,1280,81,1281],[81,1283,81,1284],[81,1293,81,1294],[81,1298,81,1299],[81,1301,81,1302],[81,1311,81,1312],[81,1316,81,1317],[81,1319,81,1320],[81,1329,81,1330],[81,1334,81,1335],[81,1337,81,1338],[81,1347,81,1348],[81,1352,81,1353],[81,1355,81,1356],[81,1365,81,1366],[81,1370,81,1371],[81,1373,81,1374],[81,1383,81,1384],[81,1388,81,1389],[81,1391,81,1392],[81,1401,81,1402],[81,1406,81,1407],[81,1409,81,1410],[81,1419,81,1420],[81,1424,81,1425],[81,1427,81,1428],[81,1437,81,1438],[81,1442,81,1443],[81,1445,81,1446],[81,1455,81,1456],[81,1460,81,1461],[81,1463,81,1464],[81,1473,81,1474],[81,1478,81,1479],[81,1481,81,1482],[81,1491,81,1492],[81,1496,81,1497],[81,1499,81,1500],[81,1509,81,1510],[81,1514,81,1515],[81,1517,81,1518],[81,1527,81,1528],[81,1532,81,1533],[81,1535,81,1536],[81,1545,81,1546],[81,1550,81,1551],[81,1553,81,1554],[81,1563,81,1564],[81,1568,81,1569],[81,1571,81,1572],[81,1581,81,1582],[81,1586,81,1587],[81,1589,81,1590],[81,1599,81,1600],[81,1604,81,1605],[81,1607,81,1608],[81,1617,81,1618],[81,1622,81,1623],[81,1625,81,1626],[81,1635,81,1636],[81,1640,81,1641],[81,1643,81,1644],[81,1653,81,1654],[81,1658,81,1659],[81,1661,81,1662],[81,1671,81,1672],[81,1676,81,1677],[81,1679,81,1680],[81,1689,81,1690],[81,1694,81,1695],[81,1697,81,1698],[81,1707,81,1708],[81,1712,81,1713],[81,1715,81,1716],[81,1725,81,1726],[81,1730,81,1731],[81,1733,81,1734],[81,1743,81,1744],[81,1748,81,1749],[81,1751,81,1752],[81,1761,81,1762],[81,1766,81,1767],[81,1769,81,1770],[81,1779,81,1780],[81,1784,81,1785],[81,1787,81,1788],[81,1797,81,1798],[81,1802,81,1803],[81,1805,81,1806],[81,1815,81,1816],[81,1820,81,1821],[81,1823,81,1824],[81,1833,81,1834],[81,1838,81,1839],[81,1841,81,1842],[81,1851,81,1852],[81,1856,81,1857],[81,1859,81,1860],[81,1869,81,1870],[81,1874,81,1875],[81,1877,81,1878],[81,1887,81,1888],[81,1892,81,1893],[81,1895,81,1896],[81,1905,81,1906],[81,1910,81,1911],[81,1913,81,1914],[81,1923,81,1924],[81,1928,81,1929],[81,1931,81,1932],[81,1941,81,1942],[81,1946,81,1947],[81,1949,81,1950],[81,1959,81,1960],[81,1964,81,1965],[81,1967,81,1968],[81,1977,81,1978],[81,1982,81,1983],[81,1985,81,1986],[81,1995,81,1996],[81,2000,81,2001],[81,2003,81,2004],[81,2013,81,2014],[81,2018,81,2019],[81,2021,81,2022],[81,2031,81,2032],[81,2036,81,2037],[81,2039,81,2040],[81,2049,81,2050],[81,2054,81,2055],[81,2057,81,2058],[81,2067,81,2068],[81,2072,81,2073],[81,2075,81,2076],[81,2085,81,2086],[81,2090,81,2091],[81,2093,81,2094],[81,2103,81,2104],[81,2108,81,2109],[81,2111,81,2112],[81,2121,81,2122],[81,2126,81,2127],[81,2129,81,2130],[81,2139,81,2140],[81,2144,81,2145],[81,2147,81,2148],[81,2157,81,2158],[81,2162,81,2163],[81,2165,81,2166],[81,2175,81,2176],[81,2180,81,2181],[81,2183,81,2184],[81,2193,81,2194],[81,2198,81,2199],[81,2201,81,2202],[81,2211,81,2212],[81,2216,81,2217],[81,2219,81,2220],[81,2229,81,2230],[81,2234,81,2235],[81,2237,81,2238],[81,2247,81,2248],[81,2252,81,2253],[81,2255,81,2256],[81,2265,81,2266],[81,2270,81,2271],[81,2273,81,2274],[81,2283,81,2284],[81,2288,81,2289],[81,2291,81,2292],[81,2301,81,2302],[81,2306,81,2307],[81,2309,81,2310],[81,2319,81,2320],[81,2324,81,2325],[81,2327,81,2328],[81,2337,81,2338],[81,2342,81,2343],[81,2345,81,2346],[81,2355,81,2356],[81,2360,81,2361],[81,2363,81,2364],[81,2373,81,2374],[81,2378,81,2379],[81,2381,81,2382],[81,2391,81,2392],[81,2396,81,2397],[81,2399,81,2400],[81,2409,81,2410],[81,2414,81,2415],[81,2417,81,2418],[81,2427,81,2428],[81,2432,81,2433],[81,2435,81,2436],[81,2445,81,2446],[81,2450,81,2451],[81,2453,81,2454],[81,2463,81,2464],[81,2468,81,2469],[81,2471,81,2472],[81,2481,81,2482],[81,2486,81,2487],[81,2489,81,2490],[81,2499,81,2500],[81,2504,81,2505],[81,2507,81,2508],[81,2517,81,2518],[81,2522,81,2523],[81,2525,81,2526],[81,2535,81,2536],[81,2540,81,2541],[81,2543,81,2544],[81,2553,81,2554],[81,2558,81,2559],[81,2561,81,2562],[81,2571,81,2572],[81,2576,81,2577],[81,2579,81,2580],[81,2589,81,2590],[81,2594,81,2595],[81,2597,81,2598],[81,2607,81,2608],[81,2612,81,2613],[81,2615,81,2616],[81,2625,81,2626],[81,2630,81,2631],[81,2633,81,2634],[81,2643,81,2644],[81,2648,81,2649],[81,2651,81,2652],[81,2661,81,2662],[81,2666,81,2667],[81,2669,81,2670],[81,2679,81,2680],[81,2684,81,2685],[81,2687,81,2688],[81,2697,81,2698],[81,2702,81,2703],[81,2705,81,2706],[81,2715,81,2716],[81,2720,81,2721],[81,2723,81,2724],[81,2733,81,2734],[81,2738,81,2739],[81,2741,81,2742],[81,2751,81,2752],[81,2756,81,2757],[81,2759,81,2760],[81,2769,81,2770],[81,2774,81,2775],[81,2777,81,2778],[81,2787,81,2788],[81,2792,81,2793],[81,2795,81,2796],[81,2805,81,2806],[81,2810,81,2811],[81,2813,81,2814],[81,2823,81,2824],[81,2828,81,2829],[81,2831,81,2832],[81,2841,81,2842],[81,2846,81,2847],[81,2849,81,2850],[81,2859,81,2860],[81,2864,81,2865],[81,2867,81,2868],[81,2877,81,2878],[81,2882,81,2883],[81,2885,81,2886],[81,2895,81,2896],[81,2900,81,2901],[81,2903,81,2904],[81,2913,81,2914],[81,2918,81,2919],[81,2921,81,2922],[81,2931,81,2932],[81,2936,81,2937],[81,2939,81,2940],[81,2949,81,2950],[81,2954,81,2955],[81,2957,81,2958],[81,2967,81,2968],[81,2972,81,2973],[81,2975,81,2976],[81,2985,81,2986],[81,2990,81,2991],[81,2993,81,2994],[81,3003,81,3004],[81,3008,81,3009],[81,3011,81,3012],[81,3021,81,3022],[81,3026,81,3027],[81,3029,81,3030],[81,3039,81,3040],[81,3044,81,3045],[81,3047,81,3048],[81,3057,81,3058],[81,3062,81,3063],[81,3065,81,3066],[81,3075,81,3076],[81,3080,81,3081],[81,3083,81,3084],[81,3093,81,3094],[81,3098,81,3099],[81,3101,81,3102],[81,3111,81,3112],[81,3116,81,3117],[81,3119,81,3120],[81,3129,81,3130],[81,3134,81,3135],[81,3137,81,3138],[81,3147,81,3148],[81,3152,81,3153],[81,3155,81,3156],[81,3165,81,3166],[81,3170,81,3171],[81,3173,81,3174],[81,3183,81,3184],[81,3188,81,3189],[81,3191,81,3192],[81,3201,81,3202],[81,3206,81,3207],[81,3209,81,3210],[81,3219,81,3220],[81,3224,81,3225],[81,3227,81,3228],[81,3237,81,3238],[81,3242,81,3243],[81,3245,81,3246],[81,3255,81,3256],[81,3260,81,3261],[81,3263,81,3264],[81,3273,81,3274],[81,3278,81,3279],[81,3281,81,3282],[81,3291,81,3292],[81,3296,81,3297],[81,3299,81,3300],[81,3309,81,3310],[81,3314,81,3315],[81,3317,81,3318],[81,3327,81,3328],[81,3332,81,3333],[81,3335,81,3336],[81,3345,81,3346],[81,3350,81,3351],[81,3353,81,3354],[81,3363,81,3364],[81,3368,81,3369],[81,3371,81,3372],[81,3381,81,3382],[81,3386,81,3387],[81,3389,81,3390],[81,3399,81,3400],[81,3404,81,3405],[81,3407,81,3408],[81,3417,81,3418],[81,3422,81,3423],[81,3425,81,3426],[81,3435,81,3436],[81,3440,81,3441],[81,3443,81,3444],[81,3453,81,3454],[81,3458,81,3459],[81,3461,81,3462],[81,3471,81,3472],[81,3476,81,3477],[81,3479,81,3480],[81,3489,81,3490],[81,3494,81,3495],[81,3497,81,3498],[81,3507,81,3508],[81,3512,81,3513],[81,3515,81,3516],[81,3525,81,3526],[81,3530,81,3531],[81,3533,81,3534],[81,3543,81,3544],[81,3548,81,3549],[81,3551,81,3552],[81,3561,81,3562],[81,3566,81,3567],[81,3569,81,3570],[81,3579,81,3580],[81,3584,81,3585],[81,3587,81,3588],[81,3597,81,3598],[81,3602,81,3603],[81,3605,81,3606],[81,3615,81,3616],[81,3620,81,3621],[81,3623,81,3624],[81,3633,81,3634],[81,3638,81,3639],[81,3641,81,3642],[81,3651,81,3652],[81,3656,81,3657],[81,3659,81,3660],[81,3669,81,3670],[81,3674,81,3675],[81,3677,81,3678],[81,3687,81,3688],[81,3692,81,3693],[81,3695,81,3696],[81,3705,81,3706],[81,3710,81,3711],[81,3713,81,3714],[81,3723,81,3724],[81,3728,81,3729],[81,3731,81,3732],[81,3741,81,3742],[81,3746,81,3747],[81,3749,81,3750],[81,3759,81,3760],[81,3764,81,3765],[81,3767,81,3768],[81,3777,81,3778],[81,3782,81,3783],[81,3785,81,3786],[81,3795,81,3796],[81,3800,81,3801],[81,3803,81,3804],[81,3813,81,3814],[81,3818,81,3819],[81,3821,81,3822],[81,3831,81,3832],[81,3836,81,3837],[81,3839,81,3840],[81,3849,81,3850],[81,3854,81,3855],[81,3857,81,3858],[81,3867,81,3868],[81,3872,81,3873],[81,3875,81,3876],[81,3885,81,3886],[81,3890,81,3891],[81,3893,81,3894],[81,3903,81,3904],[81,3908,81,3909],[81,3911,81,3912],[81,3921,81,3922],[81,3926,81,3927],[81,3929,81,3930],[81,3939,81,3940],[81,3944,81,3945],[81,3947,81,3948],[81,3957,81,3958],[81,3962,81,3963],[81,3965,81,3966],[81,3975,81,3976],[81,3980,81,3981],[81,3983,81,3984],[81,3993,81,3994],[81,3998,81,3999],[81,4001,81,4002],[81,4011,81,4012],[81,4016,81,4017],[81,4019,81,4020],[81,4029,81,4030],[81,4034,81,4035],[81,4037,81,4038],[81,4047,81,4048],[81,4052,81,4053],[81,4055,81,4056],[81,4065,81,4066],[81,4070,81,4071],[81,4073,81,4074],[81,4083,81,4084],[81,4088,81,4089],[81,4091,81,4092],[81,4101,81,4102],[81,4106,81,4107],[81,4109,81,4110],[81,4119,81,4120],[81,4124,81,4125],[81,4127,81,4128],[81,4137,81,4138],[81,4142,81,4143],[81,4145,81,4146],[81,4155,81,4156],[81,4160,81,4161],[81,4163,81,4164],[81,4173,81,4174],[81,4178,81,4179],[81,4181,81,4182],[81,4191,81,4192],[81,4196,81,4197],[81,4199,81,4200],[81,4209,81,4210],[81,4214,81,4215],[81,4217,81,4218],[81,4227,81,4228],[81,4232,81,4233],[81,4235,81,4236],[81,4245,81,4246],[81,4250,81,4251],[81,4253,81,4254],[81,4263,81,4264],[81,4268,81,4269],[81,4271,81,4272],[81,4281,81,4282],[81,4286,81,4287],[81,4289,81,4290],[81,4299,81,4300],[81,4304,81,4305],[81,4307,81,4308],[81,4317,81,4318],[81,4322,81,4323],[81,4325,81,4326],[81,4335,81,4336],[81,4340,81,4341],[81,4343,81,4344],[81,4353,81,4354],[81,4358,81,4359],[81,4361,81,4362],[81,4371,81,4372],[81,4376,81,4377],[81,4379,81,4380],[81,4389,81,4390],[81,4394,81,4395],[81,4397,81,4398],[81,4407,81,4408],[81,4412,81,4413],[81,4415,81,4416],[81,4425,81,4426],[81,4430,81,4431],[81,4433,81,4434],[81,4443,81,4444],[81,4448,81,4449],[81,4451,81,4452],[81,4461,81,4462],[81,4466,81,4467],[81,4469,81,4470],[81,4479,81,4480],[81,4484,81,4485],[81,4487,81,4488],[81,4497,81,4498],[81,4502,81,4503],[81,4505,81,4506],[81,4515,81,4516],[81,4520,81,4521],[81,4523,81,4524],[81,4533,81,4534],[81,4538,81,4539],[81,4541,81,4542],[81,4551,81,4552],[81,4556,81,4557],[81,4559,81,4560],[81,4569,81,4570],[81,4574,81,4575],[81,4577,81,4578],[81,4587,81,4588],[81,4592,81,4593],[81,4595,81,4596],[81,4605,81,4606],[81,4610,81,4611],[81,4613,81,4614],[81,4623,81,4624],[81,4628,81,4629],[81,4631,81,4632],[81,4641,81,4642],[81,4646,81,4647],[81,4649,81,4650],[81,4659,81,4660],[81,4664,81,4665],[81,4667,81,4668],[81,4677,81,4678],[81,4682,81,4683],[81,4685,81,4686],[81,4695,81,4696],[81,4700,81,4701],[81,4703,81,4704],[81,4713,81,4714],[81,4718,81,4719],[81,4721,81,4722],[81,4731,81,4732],[81,4736,81,4737],[81,4739,81,4740],[81,4749,81,4750],[81,4754,81,4755],[81,4757,81,4758],[81,4767,81,4768],[81,4772,81,4773],[81,4775,81,4776],[81,4785,81,4786],[81,4790,81,4791],[81,4793,81,4794],[81,4803,81,4804],[81,4808,81,4809],[81,4811,81,4812],[81,4821,81,4822],[81,4826,81,4827],[81,4829,81,4830],[81,4839,81,4840],[81,4844,81,4845],[81,4847,81,4848],[81,4857,81,4858],[81,4862,81,4863],[81,4865,81,4866],[81,4875,81,4876],[81,4880,81,4881],[81,4883,81,4884],[81,4893,81,4894],[81,4898,81,4899],[81,4901,81,4902],[81,4911,81,4912],[81,4916,81,4917],[81,4919,81,4920],[81,4929,81,4930],[81,4934,81,4935],[81,4937,81,4938],[81,4947,81,4948],[81,4952,81,4953],[81,4955,81,4956],[81,4965,81,4966],[81,4970,81,4971],[81,4973,81,4974],[81,4983,81,4984],[81,4988,81,4989],[81,4991,81,4992],[81,5001,81,5002],[81,5006,81,5007],[81,5009,81,5010],[81,5019,81,5020],[81,5024,81,5025],[81,5027,81,5028],[81,5037,81,5038],[81,5042,81,5043],[81,5045,81,5046],[81,5055,81,5056],[81,5060,81,5061],[81,5063,81,5064],[81,5073,81,5074],[81,5078,81,5079],[81,5081,81,5082],[81,5091,81,5092],[81,5096,81,5097],[81,5099,81,5100],[81,5109,81,5110],[81,5114,81,5115],[81,5117,81,5118],[81,5127,81,5128],[81,5132,81,5133],[81,5135,81,5136],[81,5145,81,5146],[81,5150,81,5151],[81,5153,81,5154],[81,5163,81,5164],[81,5168,81,5169],[81,5171,81,5172],[81,5181,81,5182],[81,5186,81,5187],[81,5189,81,5190],[81,5199,81,5200],[81,5204,81,5205],[81,5207,81,5208],[81,5217,81,5218],[81,5222,81,5223],[81,5225,81,5226],[81,5235,81,5236],[81,5240,81,5241],[81,5243,81,5244],[81,5253,81,5254],[81,5258,81,5259],[81,5261,81,5262],[81,5271,81,5272],[81,5276,81,5277],[81,5279,81,5280],[81,5289,81,5290],[81,5294,81,5295],[81,5297,81,5298],[81,5307,81,5308],[81,5312,81,5313],[81,5315,81,5316],[81,5325,81,5326],[81,5330,81,5331],[81,5333,81,5334],[81,5343,81,5344],[81,5348,81,5349],[81,5351,81,5352],[81,5361,81,5362],[81,5366,81,5367],[81,5369,81,5370],[81,5379,81,5380],[81,5384,81,5385],[81,5387,81,5388],[81,5397,81,5398],[81,5402,81,5403],[81,5405,81,5406],[81,5415,81,5416],[81,5420,81,5421],[81,5423,81,5424],[81,5433,81,5434],[81,5438,81,5439],[81,5441,81,5442],[81,5451,81,5452],[81,5456,81,5457],[81,5459,81,5460],[81,5469,81,5470],[81,5474,81,5475],[81,5477,81,5478],[81,5487,81,5488],[81,5492,81,5493],[81,5495,81,5496],[81,5505,81,5506],[81,5510,81,5511],[81,5513,81,5514],[81,5523,81,5524],[81,5528,81,5529],[81,5531,81,5532],[81,5541,81,5542],[81,5546,81,5547],[81,5549,81,5550],[81,5559,81,5560],[81,5564,81,5565],[81,5567,81,5568],[81,5577,81,5578],[81,5582,81,5583],[81,5585,81,5586],[81,5595,81,5596],[81,5600,81,5601],[81,5603,81,5604],[81,5613,81,5614],[81,5618,81,5619],[81,5621,81,5622],[81,5631,81,5632],[81,5636,81,5637],[81,5639,81,5640],[81,5649,81,5650],[81,5654,81,5655],[81,5657,81,5658],[81,5667,81,5668],[81,5672,81,5673],[81,5675,81,5676],[81,5685,81,5686],[81,5690,81,5691],[81,5693,81,5694],[81,5703,81,5704],[81,5708,81,5709],[81,5711,81,5712],[81,5721,81,5722],[81,5726,81,5727],[81,5729,81,5730],[81,5739,81,5740],[81,5744,81,5745],[81,5747,81,5748],[81,5757,81,5758],[81,5762,81,5763],[81,5765,81,5766],[81,5775,81,5776],[81,5780,81,5781],[81,5783,81,5784],[81,5793,81,5794],[81,5798,81,5799],[81,5801,81,5802],[81,5811,81,5812],[81,5816,81,5817],[81,5819,81,5820],[81,5829,81,5830],[81,5834,81,5835],[81,5837,81,5838],[81,5847,81,5848],[81,5852,81,5853],[81,5855,81,5856],[81,5865,81,5866],[81,5870,81,5871],[81,5873,81,5874],[81,5883,81,5884],[81,5888,81,5889],[81,5891,81,5892],[81,5901,81,5902],[81,5906,81,5907],[81,5909,81,5910],[81,5919,81,5920],[81,5924,81,5925],[81,5927,81,5928],[81,5937,81,5938],[81,5942,81,5943],[81,5945,81,5946],[81,5955,81,5956],[81,5960,81,5961],[81,5963,81,5964],[81,5973,81,5974]],"merged_total":2753,"flags":["merged_cut"]}
["2023年“C”项目水电安装分部分项工程量清单与计价表（第二次）"]
["工程名称：2023年“C”项目水电安装工程",{"$nulls":4},"","",{"$nulls":6},""]
["序号","项目名称","项目特征描述","计量\r\n单位","工程量","限价（元）","","投标报价"]
["","","","","","综合单价","合价","税前综合单价组成（元）",null,null,"税前综合单价\nd=a+b+c","税金（9%）\ne=d*9%","含税全费用综合单价\nf=d+e","含税合价"]
["","","","","","","","人工单价\n(a)","材料单价\n(b)","综合费（管理费、利润等）\nc=(a+b)*费率"]
[" ","给水工程"," "," "," "," "," ",{"$nulls":6}," "]
[1,"PPR管 DN20\n","1.安装部位:室外，工作内容包含土石方开挖、回填及余方弃置，土石方综合考虑，不再额外计算土石方\n2.输送介质:冷水\n3.材质、型号规格、压力等级：PPR管 (DN20)De25\n4.连接方式：热熔连接\n5.水冲洗、水压试验、消毒符合设计及规范要求\n6.管道、管件安装符合设计及规范要求 \n7.满足设计、规范及招标要求","m",820,{"$f":"8.15+4+3.8","v":15.95},{"$f":"E7*F7","v":13079},null,null,{"$f":"(H7+I7)*0%","v":0},{"$f":"H7+I7+J7","v":0},{"$f":"K7*0.09","v":0},{"$f":"K7+L7","v":0},{"$f":"E7*M7","v":0},{"$f":"8.15+4+3.8","v":15.95}]
[2,"PPR DN25","1.安装部位:室外，工作内容包含土石方开挖、回填及余方弃置，土石方综合考虑，不再额外计算土石方\n2.输送介质:冷水\n3.材质、型号规格、压力等级：PPR管 DN25（De32）\n4.连接方式：热熔连接\n5.水冲洗、水压试验、消毒符合设计及规范要求\n6.管道、管件安装符合设计及规范要求 \n7.满足设计、规范及招标要求","m",337,{"$f":"8.15+4+6.9","v":19.05},6419.85,null,null,{"$f":"(H8+I8)*0%","v":0},{"$f":"H8+I8+J8","v":0},{"$f":"K8*0.09","v":0},{"$f":"K8+L8","v":0},{"$f":"E8*M8","v":0},{"$f":"8.15+4+6.9","v":19.05}]
[3,"PPR管 DN32","1.安装部位:室外，工作内容包含土石方开挖、回填及余方弃置，土石方综合考虑，不再额外计算土石方\n2.输送介质:冷水\n3.材质、型号规格、压力等级：PPR管 DN32（De40）\n4.连接方式：热熔连接\n5.水冲洗、水压试验、消毒符合设计及规范要求\n6.管道、管件安装符合设计及规范要求 \n7.满足设计、规范及招标要求","m",266,{"$f":"8.15+4+10","v":22.15},5891.9,null,null,0,0,0,0,0,{"$f":"8.15+4+10","v":22.15}]
[4,"PPR管 DN40","1.安装部位:室外，工作内容包含土石方开挖、回填及余方弃置，土石方综合考虑，不再额外计算土石方\n2.输送介质:冷水\n3.材质、型号规格、压力等级：PPR管 DN40（De50）\n4.连接方式：热熔连接\n5.水冲洗、水压试验、消毒符合设计及规范要求\n6.管道、管件安装符合设计及规范要求 \n7.满足设计、规范及招标要求","m",527,{"$f":"8.98+4.5+15.51","v":28.99},15277.73,null,null,0,0,0,0,0,{"$f":"8.98+4.5+15.51","v":28.99}]
[5,"PPR管 DN50","1.安装部位:室外，工作内容包含土石方开挖、回填及余方弃置，土石方综合考虑，不再额外计算土石方\n2.输送介质:冷水\n3.材质、型号规格、压力等级：PPR管 DN50（De63）\n4.连接方式：热熔连接\n5.水冲洗、水压试验、消毒符合设计及规范要求\n6.管道、管件安装符合设计及规范要求 \n7.满足设计、规范及招标要求","m",1050,{"$f":"9.76+5+23.42","v":38.18},40089,null,null,0,0,0,0,0,{"$f":"9.76+5+23.42","v":38.18}]
[6,"PPR管 DN65","1.安装部位:室外，工作内容包含土石方开挖、回填及余方弃置，土石方综合考虑，不再额外计算土石方\n2.输送介质:冷水\n3.材质、型号规格、压力等级：PPR管 DN65（De75）\n4.连接方式：热熔连接\n5.水冲洗、水压试验、消毒符合设计及规范要求\n6.管道、管件安装符合设计及规范要求 \n7.满足设计、规范及招标要求","m",370,{"$f":"11.16+5+34.81","v":50.97},18858.9,null,null,0,0,0,0,0,{"$f":"11.16+5+34.81","v":50.97}]
[7,"PPR管 DN80","1.安装部位:室外，工作内容包含土石方开挖、回填及余方弃置，土石方综合考虑，不再额外计算土石方\n2.输送介质:冷水\n3.材质、型号规格、压力等级：PPR管 DN80（De90）\n4.连接方式：热熔连接\n5.水冲洗、水压试验、消毒符合设计及规范要求\n6.管道、管件安装符合设计及规范要求 \n7.满足设计、规范及招标要求","m",482,{"$f":"11.94+6+50.31","v":68.25},32896.5,null,null,0,0,0,0,0,{"$f":"11.94+6+50.31","v":68.25}]
[8,"PPR管 DN100","1.安装部位:室外，工作内容包含土石方开挖、回填及余方弃置，土石方综合考虑，不再额外计算土石方\n2.输送介质:冷水\n3.材质、型号规格、压力等级：PPR管 DN100（De110）\n4.连接方式：热熔连接\n5.水冲洗、水压试验、消毒符合设计及规范要求\n6.管道、管件安装符合设计及规范要求 \n7.满足设计、规范及招标要求","m",3400,{"$f":"13.43+6.5+74.3","v":94.23},320382,null,null,0,0,0,0,0,{"$f":"13.43+6.5+74.3","v":94.23}]
[9,"PVC管 DN50","1.安装部位:室外，工作内容包含土石方开挖、回填及余方弃置，土石方综合考虑，不再额外计算土石方\n2.输送介质:冷水\n3.材质、型号规格、压力等级：PVC管 DN50（主材甲供）\n4.连接方式：热熔连接\n5.水冲洗、水压试验、消毒符合设计及规范要求\n6.管道、管件安装符合设计及规范要求 \n7.满足设计、规范及招标要求","m",55,15,825,null,null,0,0,0,0,0]
[10,"PPR管 DN100","1.安装部位:室外，工作内容包含土石方开挖、回填及余方弃置，土石方综合考虑，不再额外计算土石方\n2.输送介质:冷水\n3.材质、型号规格、压力等级：PPR管 DN100（De110）（主材甲供）\n4.连接方式：热熔连接\n5.水冲洗、水压试验、消毒符合设计及规范要求\n6.管道、管件安装符合设计及规范要求 \n7.满足设计、规范及招标要求","m",55,17,935,null,null,0,0,0,0,0]
[11,"成品玻璃钢化粪池 12m³ ","1、名称：12m³成品玻璃钢化粪池\n2、其余未尽事宜详设计 3、土石方及垫层综合考虑进入报价中，不再额外计算","个","2",6000,12000,null,null,0,0,0,0,0]
[12,"室外消火栓","1.安装方式 ：地上式消火栓\r\n2.型号、规格：详设计 \r\n3.附件材质、规格：详设计 \r\n","套","6",569,{"$f":"E18*F18","v":3414},null,null,0,0,0,0,0]
[13,"水表 DN50","1.安装部位（室内外） \r\n2.型号、规格 ：详设计\r\n3.连接形式 ：详设计\r\n4.附件配置","组","2",220,440,null,null,0,0,0,0,0]
[14,"倒流防止器","1.名称： 倒流防止器\n2.型号、规格 ：DN100\n3.连接形式:详12S108-1-37图集","套","3","260.84",782.52,null,null,0,0,0,0,0]
[15,"截止阀 DN20","1.名称：截止阀DN20\n2.材质：黄铜\n3.型号、规格：DN20\n4.连接方式：详设计\n5.含安装配套附件\n6.未尽事宜满足设计及现行技术、质量验收规范要求","个","30","36.65",1099.5,null,null,0,0,0,0,0]
[16,"截止阀 DN25","1.名称：截止阀  DN25\n2.材质：黄铜\n3.型号、规格：DN25\n4.连接方式：详设计\n5.含安装配套附件\n6.未尽事宜满足设计及现行技术、质量验收规范要求","个","12",41,492,null,null,0,0,0,0,0]
[17,"截止阀 DN32","1.名称：截止阀 DN32\n2.材质：黄铜\n3.型号、规格：DN32\n4.连接方式：详设计\n5.含安装配套附件\n6.未尽事宜满足设计及现行技术、质量验收规范要求","个","13",45,585,null,null,0,0,0,0,0]
[18,"截止阀 DN40","1.名称：截止阀 DN40\n2.材质：黄铜\n3.型号、规格：DN40\n4.连接方式：详设计\n5.含安装配套附件\n6.未尽事宜满足设计及现行技术、质量验收规范要求","个","12",82,984,null,null,0,0,0,0,0]
[19,"截止阀 DN50","1.名称：截止阀 DN50\n2.材质：黄铜\n3.型号、规格：DN50\n4.连接方式：详设计\n5.含安装配套附件\n6.未尽事宜满足设计及现行技术、质量验收规范要求","个","15",112,1680,null,null,0,0,0,0,0]
[20,"截止阀 DN65","1.名称：截止阀 DN65\n2.材质：铸铁铜芯\n3.型号、规格：DN65\n4.连接方式：详设计\n5.含安装配套附件\n6.未尽事宜满足设计及现行技术、质量验收规范要求","个","10",175,1750,null,null,0,0,0,0,0]
[21,"截止阀 DN80","1.名称：截止阀 DN80\n2.材质：铸铁铜芯\n3.型号、规格：DN80\n4.连接方式：详设计\n5.含安装配套附件\n6.未尽事宜满足设计及现行技术、质量验收规范要求","个","10",258,2580,null,null,0,0,0,0,0]
[22,"截止阀 DN100","1.名称：截止阀 DN100\n2.材质：铸铁铜芯\n3.型号、规格：DN100\n4.连接方式：详设计\n5.含安装配套附件\n6.未尽事宜满足设计及现行技术、质量验收规范要求","个","10","546.90",5469,null,null,0,0,0,0,0]
[23,"阀门井","1.规格、尺寸：设计施工图\n2.具体做法详设计：\n5.防渗、防水要求：满足相关规范\n6.其它：满足设计及施工验收规范要求","座","80",380,30400,null,null,0,0,0,0,0]
[24,"分部小计"," "," "," "," ",{"$nulls":7}," "]
[25,"排水工程"," "," "," "," ",{"$nulls":7}," "]
[26,"管沟土方","1.项目名称：挖沟槽、基坑土石方\r\n2.土、石类别：综合\r\n3.开挖深度：综合\r\n4.开挖方式：投标人自行考虑\r\n5.地上、地下管线及建筑物、构筑物的保护：投标人自行考虑\r\n6.其余做法：满足设计及施工验收规范要求，并满足城管和环保要求","m3",{"$f":"1410*0.8*0.7","v":789.6},10.8,{"$f":"E32*F32","v":8527.68},null,null,{"$f":"(H32+I32)*0%","v":0},{"$f":"H32+I32+J32","v":0},{"$f":"K32*0.09","v":0},{"$f":"K32+L32","v":0},{"$f":"E32*M32","v":0}]
[27,"回填方","1.项目名称：沟槽回填土石方\r\n2.回填料及密实度：满足设计及施工验收规范\r\n3.回填料来源、场内外运距：投标人自行考虑\r\n4.其余做法：满足设计及施工验收规范要求，并满足城管和环保要求","m3",{"$f":"E32-E34","v":663.9},5.7,3784.23,null,null,{"$f":"(H33+I33)*0%","v":0},{"$f":"H33+I33+J33","v":0},{"$f":"K33*0.09","v":0},{"$f":"K33+L33","v":0},{"$f":"E33*M33","v":0}]
[28,"余方弃置","1.名称：余方弃置\r\n2.废弃料品种：土石方综合\r\n3.废弃料的运输方式、场内外运距、弃土场地及费用：投标人自行考虑，外弃场地必须满足当地相关行政主管部门的要求\r\n4.其余做法：满足城管和环保要求","m3",125.7,6.3,791.91,null,null,0,0,0,0,0]
[29,"HDPE中空增强双壁缠绕管 DN80","1.安装部位：室外\n2.介质：污水\n3.材质、规格：HDPE中空增强双壁缠绕管 DN80 环刚度≥SN8\n4.连接形式：承插连接\n5.压力试验及吹、洗设计要求：按《建筑给水排水及采暖工程施工质量验收规范》(GB50242-2002)的要求做通球试验、灌水试验\n6.管道、管件及支吊架安装满足设计及现行技术、质量验收规范要求\n7.警示带形式：详设计\n8.满足设计、规范及招标要求","m",330,26.5,8745,null,null,0,0,0,0,0]
[30,"HDPE中空增强双壁缠绕管 DN100","1.安装部位：室外\n2.介质：污水\n3.材质、规格：HDPE中空增强双壁缠绕管 DN100 环刚度≥SN8\n4.连接形式：承插连接\n5.压力试验及吹、洗设计要求：按《建筑给水排水及采暖工程施工质量验收规范》(GB50242-2002)的要求做通球试验、灌水试验\n6.管道、管件及支吊架安装满足设计及现行技术、质量验收规范要求\n7.警示带形式：详设计\n8.满足设计、规范及招标要求","m",920,30.78,28317.6,null,null,0,0,0,0,0]
[31,"HDPE中空增强双壁缠绕管 DN300","1.安装部位：室外\n2.介质：污水\n3.材质、规格：HDPE中空增强双壁缠绕管 DN300 环刚度≥SN8\n4.连接形式：承插连接\n5.压力试验及吹、洗设计要求：按《建筑给水排水及采暖工程施工质量验收规范》(GB50242-2002)的要求做通球试验、灌水试验\n6.管道、管件及支吊架安装满足设计及现行技术、质量验收规范要求\n7.警示带形式：详设计\n8.满足设计、规范及招标要求","m",32,56.04,1793.28,null,null,0,0,0,0,0]
[32,"HDPE中空增强双壁缠绕管 DN200（甲供材）","1.安装部位：室外\n2.介质：污水\n3.材质、规格：HDPE中空增强双壁缠绕管 DN200 环刚度≥SN8（甲供材）\n4.连接形式：承插连接\n5.压力试验及吹、洗设计要求：按《建筑给水排水及采暖工程施工质量验收规范》(GB50242-2002)的要求做通球试验、灌水试验\n6.管道、管件及支吊架安装满足设计及现行技术、质量验收规范要求\n7.警示带形式：详设计\n8.满足设计、规范及招标要求","m",102,20.2,2060.4,null,null,0,0,0,0,0]
[33,"HDPE中空增强双壁缠绕管 DN200","1.安装部位：室外\n2.介质：污水\n3.材质、规格：HDPE中空增强双壁缠绕管 DN200 环刚度≥SN8\n4.连接形式：承插连接\n5.压力试验及吹、洗设计要求：按《建筑给水排水及采暖工程施工质量验收规范》(GB50242-2002)的要求做通球试验、灌水试验\n6.管道、管件及支吊架安装满足设计及现行技术、质量验收规范要求\n7.警示带形式：详设计\n8.满足设计、规范及招标要求","m",24,35,840,null,null,{"$f":"(H39+I39)*0%","v":0},{"$f":"H39+I39+J39","v":0},{"$f":"K39*0.09","v":0},{"$f":"K39+L39","v":0},{"$f":"E39*M39","v":0}]
[34,"HDPE中空增强双壁缠绕管 DN500","1.安装部位：室外\n2.介质：污水\n3.材质、规格：HDPE中空增强双壁缠绕管 DN500 环刚度≥SN8\n4.连接形式：承插连接\n5.压力试验及吹、洗设计要求：按《建筑给水排水及采暖工程施工质量验收规范》(GB50242-2002)的要求做通球试验、灌水试验\n6.管道、管件及支吊架安装满足设计及现行技术、质量验收规范要求\n7.警示带形式：详设计\n8.满足设计、规范及招标要求","m",116,122,14152,null,null,0,0,0,0,0]
[35,"分部小计"," "," "," "," "]
[36,"道路排水"," "," "," "," "]
[37,"管沟土方","1.项目名称：挖沟槽、基坑土石方\r\n2.土、石类别：综合\r\n3.开挖深度：综合\r\n4.开挖方式：投标人自行考虑\r\n5.地上、地下管线及建筑物、构筑物的保护：投标人自行考虑\r\n6.其余做法：满足设计及施工验收规范要求，并满足城管和环保要求","m3",5968,10.8,{"$f":"E43*F43","v":64454.4},null,null,0,0,0,0,0]
[38,"回填方","1.项目名称：沟槽回填土石方\r\n2.回填料及密实度：满足设计及施工验收规范\r\n3.回填料来源、场内外运距：投标人自行考虑\r\n4.其余做法：满足设计及施工验收规范要求，并满足城管和环保要求","m3",1039,5.7,5922.3,null,null,0,0,0,0,0]
[39,"余方弃置","1.名称：余方弃置\r\n2.废弃料品种：土石方综合\r\n3.废弃料的运输方式、场内外运距、弃土场地及费用：投标人自行考虑，外弃场地必须满足当地相关行政主管部门的要求\r\n4.其余做法：满足城管和环保要求","m3",1142,6.3,7194.6,null,null,0,0,0,0,0]
[40,"混凝土管DN1000","1.安装部位：室外\n2.介质：污水\n3.材质、规格：混凝土管DN1000（含垫层）\n4.连接形式：承插连接\n5.压力试验及吹、洗设计要求：按《建筑给水排水及采暖工程施工质量验收规范》(GB50242-2002)的要求做通球试验、灌水试验\n6.管道、管件及支吊架安装满足设计及现行技术、质量验收规范要求\n7.警示带形式：详设计\n8.满足设计、规范及招标要求","m",115,650,74750,null,null,0,0,0,0,0]
[41,"纤维增强聚丙烯(FRPP)加筋管 DN400","1.安装部位：室外\r\n2.介质：污水\r\n3.材质、规格：纤维增强聚丙烯(FRPP)加筋管 DN400\r\n4.连接形式：胶圈链接\r\n5.压力试验及吹、洗设计要求：按《建筑给水排水及采暖工程施工质量验收规范》(GB50242-2002)的要求做通球试验、灌水试验\r\n6.管道、管件及支吊架安装满足设计及现行技术、质量验收规范要求\r\n7.警示带形式：详设计\r\n8.满足设计、规范及招标要求","m",27.5,68,1870,null,null,0,0,0,0,0]
[42,"纤维增强聚丙烯(FRPP)加筋管 DN500","1.安装部位：室外\r\n2.介质：污水\r\n3.材质、规格：纤维增强聚丙烯(FRPP)加筋管 DN500\r\n4.连接形式：胶圈链接\r\n5.压力试验及吹、洗设计要求：按《建筑给水排水及采暖工程施工质量验收规范》(GB50242-2002)的要求做通球试验、灌水试验\r\n6.管道、管件及支吊架安装满足设计及现行技术、质量验收规范要求\r\n7.警示带形式：详设计\r\n8.满足设计、规范及招标要求","m",41,102,4182,null,null,0,0,0,0,0]
[43,"球墨铸铁管 DN300","1.安装部位：室外\n2.介质：污水\n3.材质、规格：球墨铸铁管 DN300\n4.连接形式：承插连接\n5.压力试验及吹、洗设计要求：按《建筑给水排水及采暖工程施工质量验收规范》(GB50242-2002)的要求做通球试验、灌水试验\n6.管道、管件及支吊架安装满足设计及现行技术、质量验收规范要求\n7.警示带形式：详设计\n8.满足设计、规范及招标要求","m","5",111,555,null,null,0,0,0,0,0]
[44,"防冲刷卵石","1.密实度：满足设计及规范要求\r\n2.石料、规格：20~30mm卵石\r\n3.运距：综合考虑\r\n4.拌和、运输及拌合场摊销费用：综合报价\r\n5.未尽事宜符合设计和规范要求","m3",55,180,9900,null,null,{"$f":"(H50+I50)*0%","v":0},{"$f":"H50+I50+J50","v":0},{"$f":"K50*0.09","v":0},{"$f":"K50+L50","v":0},{"$f":"E50*M50","v":0}]
[45,"平箅式雨水口(双箅)","1.名称：雨水口\r\n2.未尽事宜符合设计和规范要求","座","7","620.00",4340,null,null,0,0,0,0,0]
[46,"砂垫层包封","1.材料品种、规格：砂垫层\r\n2.厚度：\r\n3.其他：满足设计、绿色环保验收规范、城管及现行技术、质量验收规范要求","m3",132,195,25740,null,null,0,0,0,0,0]
[47,"分部小计"," "," "," "," "]
[48,"电气工程"]
[49,"管沟土方","1.项目名称：挖沟槽、基坑土石方\r\n2.土、石类别：综合\r\n3.开挖深度：综合\r\n4.开挖方式：投标人自行考虑\r\n5.地上、地下管线及建筑物、构筑物的保护：投标人自行考虑\r\n6.其余做法：满足设计及施工验收规范要求，并满足城管和环保要求","m3",{"v":2565,"d":"2565.00"},10.8,{"$f":"E55*F55","v":{"v":27702,"d":"27702.00"}},null,null,0,0,0,0,0]
[50,"回填方","1.项目名称：沟槽回填土石方\r\n2.回填料及密实度：满足设计及施工验收规范\r\n3.回填料来源、场内外运距：投标人自行考虑\r\n4.其余做法：满足设计及施工验收规范要求，并满足城管和环保要求","m3",{"v":1035,"d":"1035.00"},5.7,{"v":5899.5,"d":"5899.50"},null,null,0,0,0,0,0]
[51,"余方弃置","1.名称：余方弃置\r\n2.废弃料品种：土石方综合\r\n3.废弃料的运输方式、场内外运距、弃土场地及费用：投标人自行考虑，外弃场地必须满足当地相关行政主管部门的要求\r\n4.其余做法：满足城管和环保要求","m3",{"v":1530,"d":"1530.00"},6.3,{"v":9639,"d":"9639.00"},null,null,0,0,0,0,0]
[52,"150mm厚C15混凝土垫层","1.混凝土种类： 商品混凝土C15（模板综合考虑）\n2.混凝土强度等级:C15\n","m3",156.77,485,76033.45,null,null,0,0,0,0,0]
[53,"钢筋制作与安装 ","1.钢筋种类、规格：综合（钢筋加工机械及辅材综合考虑）\n2.钢筋连接：绑扎、焊接、机械连接由投标人综合考虑\n3.弧形构件钢筋由投标人综合考虑，进入本项综合单价之中，不再单独计量计价\n4.做法：满足设计及现行技术、质量验收规范要求","t",{"v":5,"d":"5.00"},5800,{"v":29000,"d":"29000.00"},null,null,0,0,0,0,0]
[54,"C20混凝土包封","1.混凝土种类： 商品混凝土C20（模板综合考虑）\n2.混凝土强度等级:C20","m3",{"v":295.6,"d":"295.60"},495,{"v":146322,"d":"146322.00"},null,null,0,0,0,0,0]
[55,"CPVC 150电缆排管","1.安装部位 ：室外\n2.介质 \n3.材质、规格 CPVC 150电缆排管\n4.连接形式 ：综合考虑\n5.阻火圈设计要求 \n6.压力试验及吹、洗设计要求 \n7.警示带形式","m",{"v":7770.1,"d":"7770.10"},27,{"v":209792.7,"d":"209792.70"},null,null,0,0,0,0,0]
[56,"电力电缆 WDBZ-YJY 5*16","1.型号：铜芯电缆 WDBZ-YJY 5*16\n2.规格 WDBZ-YJY 5*16\n3.敷设方式：电缆敷设\n4.电缆头：户内热缩式电缆头 三芯 1KV以下终端头","m",365.21,70.28,25666.96,null,null,0,0,0,0,0]
[57,"电力电缆 WDBZ-YJY 5*10","1.型号：铜芯电缆 WDBZ-YJY 5*10\n2.规格 WDBZ-YJY 5*10\n3.敷设方式：电缆敷设\n4.电缆头：户内热缩式电缆头 五芯 1KV以下终端头","m",264.94,48.42,12828.39,null,null,0,0,0,0,0]
[58,"电力电缆 WDBZ-YJY 4*25+1*16","1.型号：铜芯电缆 WDBZ-YJY 4*25+1*16\n2.规格 WDBZ-YJY 4*25+1*16\n3.敷设方式：电缆敷设\n4.电缆头：户内热缩式电缆头 五芯 1KV以下终端头","m",131.69,102.27,13467.94,null,null,0,0,0,0,0]
[59,"SC50 钢管","1.安装部位 ：室外，工作内容包含土石方开挖、回填及余方弃置，土石方综合考虑，不再额外计算土石方\n2.介质 \n3.材质、规格：SC50钢管\n4.连接形式 ：综合考虑\n5.阻火圈设计要求 \n6.压力试验及吹、洗设计要求 \n7.警示带形式","m",421.39,43.45,{"v":18309.4,"d":"18309.40"},null,null,{"$f":"(H65+I65)*0%","v":0},{"$f":"H65+I65+J65","v":0},{"$f":"K65*0.09","v":0},{"$f":"K65+L65","v":0},{"$f":"E65*M65","v":0}]
[60,"SC40 钢管","1.安装部位 ：室外，工作内容包含土石方开挖、回填及余方弃置，土石方综合考虑，不再额外计算土石方\n2.介质 \n3.材质、规格：SC50钢管\n4.连接形式 ：综合考虑\n5.阻火圈设计要求 \n6.压力试验及吹、洗设计要求 \n7.警示带形式","m",{"v":305.7,"d":"305.70"},40.46,12368.62,null,null,0,0,0,0,0]
[61,"SC65 钢管","1.安装部位 ：室外，工作内容包含土石方开挖、回填及余方弃置，土石方综合考虑，不再额外计算土石方\n2.介质 \n3.材质、规格：SC50钢管\n4.连接形式 ：综合考虑\n5.阻火圈设计要求 \n6.压力试验及吹、洗设计要求 \n7.警示带形式","m",151.95,53.61,8146.04,null,null,0,0,0,0,0]
[62,"检查井 1000*1000","1.规格、尺寸：1000*1000\n2.具体做法详设计：\n5.防渗、防水要求：满足相关规范\n6.其它：满足设计及施工验收规范要求","座",{"v":37,"d":"37.00"},1500,{"v":55500,"d":"55500.00"},null,null,0,0,0,0,0]
[63,"景观照明"," "," "," "," "]
[64,"配电箱","1.名称：配电箱 ，工作内容包含土石方开挖、回填及余方弃置，土石方综合考虑，不再额外计算土石方\n2.规格、型号：详设计\n3.安装方式：详设计\n4.本项目包括安装、箱柜开孔、防火封堵、盘柜二次配线、本体接地等\n5.含柜体及柜内所有元器件等\n6.为完成本项目安装的所有工作内容,其余满足设计、施工及供电验收等规范要求等费用综合考虑进入本项目综合单价中","台","1","2191.13",{"$f":"E70*F70","v":2191.13},null,null,0,0,0,0,0]
[65,"隔离变压器 AC220V DC24V\r\n","1.名称 隔离变压器 \n2.型号 AC220V DC24V\n3.容量（kVA） ：详设计\n4.电压（kV） ：详设计","台","16","120.00",1920,null,null,0,0,0,0,0]
[66,"6m庭院灯 1*75w LED-220v ","1.名称：6m庭院灯 1*75w LED-220v 防护等级IP65（甲供）\n2.功率：1*75w LED-220v \n3.高度：6米\n4.安装包含灯具、灯杆、预埋件、基础、测试等\n5.其它：未尽事宜均满足设计施工图和现行技术、质量验收规范和工程所在地行业主管部门相关标准","套",102,188.25,19201.5,null,null,0,0,0,0,0]
[67,"4m庭院灯 1*60w LED-220v ","1.名称：4m庭院灯 1*60w LED-220v 防护等级IP65（甲供）\n2.功率：1*60w LED-220v \n3.高度：4米\n4.安装包含灯具、灯杆、预埋件、基础、测试等\n5.其它：未尽事宜均满足设计施工图和现行技术、质量验收规范和工程所在地行业主管部门相关标准","套",158,188.25,29743.5,null,null,0,0,0,0,0]
[68,"泛光灯 1*30w ","1.名称: 泛光灯 1*30w 地面安装，防护等级IP65（甲供）\n2.功率:30w\n3.安装：包含灯具、灯杆、预埋件、基础、测试等\n4.其它：未尽事宜均满足设计施工图和现行技术、质量验收规范和工程所在地行业主管部门相关标准","套","6",92.83,556.98,null,null,0,0,0,0,0]
[69,"防水防尘吸顶灯 1*18w ","1.名称: 防水防尘吸顶灯 1*18w地面安装，防护等级IP65（甲供）\n2.功率:18w\n3.安装：包含灯具、灯杆、预埋件、基础、测试等\n4.其它：未尽事宜均满足设计施工图和现行技术、质量验收规范和工程所在地行业主管部门相关标准","套","7",34.66,242.62,null,null,0,0,0,0,0]
[70,"地埋灯 1*9w ","1.名称: 地埋灯 地面安装，防护等级IP65（甲供）\n2.功率:9w\n3.安装：包含灯具、灯杆、预埋件、基础、测试等\n4.其它：未尽事宜均满足设计施工图和现行技术、质量验收规范和工程所在地行业主管部门相关标准","套","103",42.7,4398.1,null,null,0,0,0,0,0]
[71,"地脚灯 1*3w ","1.名称: 地脚灯 地面安装，防护等级IP65（甲供）\n2.功率:3w\n3.安装：包含灯具、灯杆、预埋件、基础、测试等\n4.其它：未尽事宜均满足设计施工图和现行技术、质量验收规范和工程所在地行业主管部门相关标准","套","240",38.59,9261.6,null,null,0,0,0,0,0]
[72,"LED灯带 12w/m ","1.名称：LED光带（甲供）\n2.型号、规格：12w/m~DC24V\n3.安装：包含灯具、灯杆、预埋件、基础、固定件、测试等\n4.其它：未尽事宜均满足设计施工图和现行技术、质量验收规范和工程所在地行业主管部门相关标准","套","67",18,1206,null,null,0,0,0,0,0]
[73,"路灯手孔井 400*400","1.规格、尺寸：设计施工名图\n2.具体做法详设计：\n3.防渗、防水要求：满足相关规范\n4.其它：满足设计及施工验收规范要求","座",260,459.9,119574,null,null,0,0,0,0,0]
[74,"电力电缆 zr-YJV 3*10","1.型号：铜芯电缆 zr-YJV 3*10\r\n2.规格 zr-YJV 3*10\r\n3.敷设方式：电缆敷设\r\n4.电缆头：户内热缩式电缆头 三芯 1KV以下终端头","m",4431,37.84,167669.04,null,null,0,0,0,0,0]
[75,"电力电缆 zr-YJV 3*16","1.型号：铜芯电缆 zr-YJV 3*16\n2.规格 zr-YJV 3*16\n3.敷设方式：电缆敷设\n4.电缆头：户内热缩式电缆头 三芯 1KV以下终端头","m",3020,42.81,129286.2,null,null,0,0,0,0,0]
[76,"电气配管 PvC40","1.名称:电气配管，工作内容包含土石方开挖、回填及余方弃置，土石方综合考虑，不再额外计算土石方\n2.规格:PC40\n3.材质:刚性阻燃管\n4.敷设方式:综合\n5.含支架制作安装，保护管敷设及接地跨接满足设计及规范要求\n6.其他：满足设计、规范及招标要求","m",3020,16,48320,null,null,0,0,0,0,0]
[77,"电气配管 PvC32","1.名称:电气配管，工作内容包含土石方开挖、回填及余方弃置，土石方综合考虑，不再额外计算土石方\n2.规格:PC32\n3.材质:刚性阻燃管\n4.敷设方式:综合\n5.含支架制作安装，保护管敷设及接地跨接满足设计及规范要求\n6.其他：满足设计、规范及招标要求","m",4431,15.69,69522.39,null,null,0,0,0,0,0]
[78,"分部小计"," "," "," "," "]
["合　　计","","","","","",{"$f":"SUM(G7:G84)","v":2038020.36},{"$nulls":6},{"$f":"SUM(N7:N84)","v":0}]
["报价说明：1、施工单位须按提供的报价格式要求及公式填报价格明细，未按提供格式填报价格明细、所报总价高于最高限价的均为无效报价，采购人不予接受。同时在工程量清单中公布最高全费用单价限价，施工班组的全费用综合单价也不得超过综合单价限价，否则，采购人将不予以接受。2、“人工单价（a）”是指完成本清单项每单位工程量所需的所有人工费用，“材料单价（b）”是指完成本清单项每单位工程量所需的材料费用，注明主材为甲供的清单项“材料单价（b）”一栏可填写为0，或仅报辅材材料价；"]
["注：1.本次采用全费用单价报价形式，最高限价为2038020.36元，施工单位所报价高于最高限价的为无效报价，采购人不予接受。同时在工程量清单中公布最高费用单价限价，施工单位的全费用单价限价，施工单位的全费用单价也不得超过最高全费用单价限价，否则，采购人将予以拒绝。"]
["2.最终结算时，以经审计单位核定的实际完成工程量及有效的竣工资料进行计算，全费用单价按中选的全费用单价进行计价。"]
["3.开具的发票为增值税专票（税率为9%）。"]
[{"$nulls":5},"报价单位："]
[{"$nulls":5},"委托代理人及电话："]
[{"$nulls":5},"时间："]